000 00427nam a22001577a 4500
008 230621b xxu||||| |||| 00| 0 eng d
020 _a0714651443
082 _a328.052
_bJLS
100 _cNicholas D.J Baldwin
245 _aThe Journal of the legislative studies
_bSpecial Issue
_cSecond Chambers
260 _bTaylor & Francis Group
_c2005
300 _a185p
440 _n1
_v7
700 _cDonald Shell
942 _2ddc
_cBK
999 _c2051
_d2051